[Event "FIDE World Bl Team Pool B"]
[Site "London ENG"]
[Date "2025.06.14"]
[Round "3.4"]
[White "Wanyama, Harold"]
[Black "Lishoy Gengis Paratazham, Dildarav"]
[Result "1/2-1/2"]
[WhiteTitle "FM"]
[WhiteElo "2143"]
[BlackElo "2084"]
[WhiteTeam "Mother Continent"]
[BlackTeam "Sassy Seniors"]
[WhiteFideId "10000380"]
[BlackFideId "491462"]
[EventDate "2025.06.14"]
[EventType "team"]

1. e4 d6 2. d4 Nf6 3. Nc3 e5 4. Nge2 Be7 5. g3 c6 6. Bg2 b5 7. a3 Nbd7 8. O-O a5
9. f4 O-O 10. h3 Rb8 11. Be3 b4 12. axb4 axb4 13. Nb1 Bb7 14. Nd2 Qc7 15. Kh2
exd4 16. Nxd4 c5 17. Nf5 Rfe8 18. Nc4 Nxe4 19. Bxe4 Bxe4 20. Nfxd6 Bxd6 21. Nxd6
Re6 22. Nxe4 Rxe4 23. Bg1 Rbe8 24. Rf2 Nf6 25. Qf3 Re3 26. Qd1 h5 27. Rg2 R3e7
28. Qf3 c4 29. Ra7 Qd6 30. Ra5 Qe6 31. Rb5 Qe1 32. Bf2 Qe2 33. Qxe2 Rxe2 34. Bc5
Rxg2+ 35. Kxg2 Re2+ 36. Kf3 Rxc2 37. Rxb4 c3 38. Bd4 cxb2 39. Bxb2 Rh2 40. Bxf6
gxf6 41. h4 Kg7 42. f5 Rc2 43. Ke4 1/2-1/2

[Event "FIDE World Bl Team Pool B"]
[Site "London ENG"]
[Date "2025.06.14"]
[Round "3.5"]
[White "Dishman, Matthew"]
[Black "QUICKPEN, Deborah Ebimobo-ere"]
[Result "0-1"]
[BlackTitle "WCM"]
[WhiteElo "1978"]
[BlackElo "2081"]
[WhiteTeam "Sassy Seniors"]
[BlackTeam "Mother Continent"]
[WhiteFideId "438642"]
[BlackFideId "8511616"]
[EventDate "2025.06.14"]
[EventType "team"]

1. e4 c5 2. Nf3 Nc6 3. Nc3 Nf6 4. e5 Ng4 5. Bb5 Ngxe5 6. O-O Nxf3+ 7. Qxf3 Nd4
8. Qe4 a6 9. Bd3 e6 10. Ne2 d5 11. Qe3 Nc6 12. c3 Be7 13. Bc2 O-O 14. d4 cxd4
15. Nxd4 Nxd4 16. Qxd4 Bf6 17. Qd3 g6 18. a4 Bg7 19. a5 Bd7 20. Re1 Bb5 21. Qg3
Rc8 22. Be3 d4 23. Bg5 Qd7 24. Rad1 Qc7 25. Bf4 Qxa5 26. Be4 dxc3 27. bxc3 Rxc3
28. Re3 Rxe3 29. Qxe3 Bc6 30. Bxc6 bxc6 31. h3 c5 32. Rc1 Bd4 33. Qd3 Rc8 34.
Bd6 Qb6 35. Bf4 e5 36. Bh6 Qe6 37. Qa3 c4 38. Qa4 c3 39. Rc2 Qd5 40. Qa1 Qb3 41.
Qc1 a5 0-1

[Event "FIDE World Bl Team Pool B"]
[Site "London ENG"]
[Date "2025.06.14"]
[Round "3.6"]
[White "Corrigan, James"]
[Black "Regan, Natasha K"]
[Result "1/2-1/2"]
[BlackTitle "WIM"]
[WhiteElo "1776"]
[BlackElo "2064"]
[WhiteTeam "Mother Continent"]
[BlackTeam "Sassy Seniors"]
[WhiteFideId "1804006"]
[BlackFideId "403067"]
[EventDate "2025.06.14"]
[EventType "team"]

1. e4 Nf6 2. e5 Nd5 3. d4 d6 4. c4 Nb6 5. f4 dxe5 6. fxe5 Bf5 7. Be3 e6 8. Nf3
Bg4 9. a4 Bb4+ 10. Nc3 Nc6 11. Qd3 Na5 12. Qe4 Bf5 13. Qf4 Naxc4 14. Bxc4 Nxc4
15. Bc1 Na5 16. O-O Nb3 17. Ra2 Nxc1 18. Rxc1 a5 19. Ne2 O-O 20. b3 c6 21. Ng3
Bg6 22. h4 h5 23. Rd1 Qd5 24. Kh2 Qxb3 25. Raa1 Rad8 26. Ne4 Be7 27. Rdb1 Qd3
28. Ned2 b5 29. axb5 cxb5 30. Rxa5 b4 31. Rb3 Qf5 32. Qxf5 Bxf5 33. Ra7 Rfe8 34.
Kg3 Bc2 35. Rb2 Rc8 36. Kf4 f6 37. Ke3 b3 38. g3 Rb8 39. Ne1 Bb4 40. Nxc2 Bxd2+
41. Kxd2 bxc2 42. Rxc2 Rec8 1/2-1/2

[Event "FIDE World Bl Team Pool B"]
[Site "London ENG"]
[Date "2025.06.14"]
[Round "3.1"]
[White "O'Gorman, Tom"]
[Black "Murawski, Jan"]
[Result "1-0"]
[WhiteTitle "IM"]
[BlackTitle "CM"]
[WhiteElo "2379"]
[BlackElo "2164"]
[WhiteTeam "Oxbridge"]
[BlackTeam "UK Chess Challenge Masters"]
[WhiteFideId "2508249"]
[BlackFideId "21009287"]
[EventDate "2025.06.14"]
[EventType "team"]

1. d4 Nf6 2. c4 e6 3. Nf3 d5 4. Nc3 Be7 5. Bf4 O-O 6. e3 b6 7. Rc1 c5 8. cxd5
Nxd5 9. Nxd5 Qxd5 10. Bc4 Qh5 11. d5 Rd8 12. Ne5 Qxd1+ 13. Rxd1 Ba6 14. Bxa6
Nxa6 15. Nc6 Re8 16. d6 Bf6 17. d7 Rf8 18. Bd6 Rfd8 19. Nxd8 Rxd8 20. Ke2 Rxd7
21. Bg3 Rxd1 22. Rxd1 Kf8 23. Rd2 Ke7 24. Bd6+ Ke8 25. e4 Nb4 26. Bb8 Nc6 27.
Bf4 Nd4+ 28. Kd1 h6 29. Be3 Nc6 30. f4 Bd4 31. Ke2 Ke7 32. Bxd4 Nxd4+ 33. Ke3 f6
34. g4 g6 35. h4 e5 36. f5 Kf7 37. fxg6+ Kxg6 38. Rf2 Kg7 39. a3 a5 40. Kd3 b5
41. Rf1 c4+ 42. Ke3 Nc2+ 43. Kd2 Nd4 44. Rf2 Kg6 45. Kc3 Kg7 46. a4 bxa4 47.
Kxc4 Kf7 48. Kc5 Ke6 49. Kb6 Nb3 50. Kb5 Ke7 51. Kxa4 Nc5+ 52. Kxa5 Nxe4 53. Rc2
Nd6 54. b4 Ke6 55. b5 e4 56. b6 Ke5 57. Kb4 Kf4 58. Rf2+ Ke5 59. Kc5 e3 60. Re2
Ne4+ 61. Kc4 Kf4 62. Kd3 Nc5+ 63. Kd4 Ne6+ 64. Kd5 Nd8 65. g5 hxg5 66. h5 Kf5
67. Rxe3 g4 68. Re8 Nb7 69. Re7 Na5 70. Ra7 g3 71. Rxa5 g2 72. Ra1 Kf4 73. b7 1-0

[Event "FIDE World Bl Team Pool B"]
[Site "London ENG"]
[Date "2025.06.14"]
[Round "3.2"]
[White "Zhu, Pengxiao"]
[Black "Goh, Jinghan Cameron"]
[Result "1-0"]
[WhiteElo "1938"]
[BlackElo "2178"]
[WhiteTeam "UK Chess Challenge Masters"]
[BlackTeam "Oxbridge"]
[WhiteFideId "499307"]
[BlackFideId "5804540"]
[EventDate "2025.06.14"]
[EventType "team"]

1. d4 Nf6 2. c4 e6 3. Nc3 Bb4 4. Qc2 O-O 5. a3 Bxc3+ 6. Qxc3 d5 7. Nf3 dxc4 8.
Qxc4 b6 9. Bg5 Bb7 10. Rc1 h6 11. Bh4 c5 12. dxc5 Nbd7 13. c6 Rc8 14. c7 Qe8 15.
e3 Nc5 16. b4 Ba6 17. Qc2 Bxf1 18. Kxf1 Qb5+ 19. Qc4 Qxc4+ 20. Rxc4 Na6 21. Bg3
Ne8 22. Nd4 Nexc7 23. Nc6 Nd5 24. e4 b5 25. Rc2 Nb8 26. exd5 Nxc6 27. dxc6 Rfd8
28. Ke2 Rd5 29. c7 e5 30. Rd1 Rxd1 31. Kxd1 f6 32. f3 Kf7 33. Bf2 a6 34. Rc6 Ke7
35. Bc5+ Kd7 36. Rxa6 Kxc7 37. Ra7+ Kc6 38. Rxg7 Kd5 39. Kc2 Kc4 40. Rg6 Ra8 41.
Kb2 Rd8 42. Rg4+ Kd3 43. a4 bxa4 44. Ka3 f5 45. Rg6 Kc4 46. Rd6 Rg8 47. g3 f4
48. g4 e4 49. Rd4+ Kb5 50. Rxe4 Rd8 51. Rd4 Re8 52. Rxf4 Re2 53. Rf6 Rxh2 54.
Rf5 Kc4 55. Bd6 Rf2 56. Rc5+ Kd3 57. Kxa4 Rxf3 58. Kb5 Rf6 59. Kc6 Rg6 60. Rh5
Rxg4 61. Rxh6 Rg1 62. b5 Rb1 63. b6 Rc1+ 64. Bc5 Rb1 65. b7 Kc4 66. Bb6 1-0

[Event "FIDE World Bl Team Pool B"]
[Site "London ENG"]
[Date "2025.06.14"]
[Round "3.3"]
[White "Ratnesan, Ranesh"]
[Black "Sefton, Adam"]
[Result "0-1"]
[WhiteTitle "CM"]
[WhiteElo "2138"]
[BlackElo "2047"]
[WhiteTeam "Oxbridge"]
[BlackTeam "UK Chess Challenge Masters"]
[WhiteFideId "439339"]
[BlackFideId "343400965"]
[EventDate "2025.06.14"]
[EventType "team"]

1. Nf3 Nf6 2. e3 g6 3. b3 Bg7 4. Bb2 O-O 5. d4 b6 6. Bd3 Bb7 7. Nbd2 d5 8. O-O
Nbd7 9. a4 a5 10. Qe2 Ne4 11. Ne5 Nxe5 12. dxe5 Nc5 13. Nf3 Nxd3 14. cxd3 c5 15.
Rfc1 e6 16. d4 Ba6 17. Qd2 c4 18. Ba3 Re8 19. bxc4 Bxc4 20. Rab1 Rb8 21. Bd6 Rb7
22. Qb2 Bf8 23. Bxf8 Rxf8 24. Qa3 Qd7 25. Nd2 Ba6 26. Rc3 Rc8 27. Rxc8+ Qxc8 28.
h4 Qb8 29. h5 b5 30. axb5 Rxb5 31. Rxb5 Qxb5 32. Qe7 gxh5 33. Qd8+ Kg7 34. Qg5+
Kf8 35. Qd8+ Kg7 36. Nf3 h6 37. Qf6+ Kf8 38. Qxh6+ Ke8 39. Qh8+ Kd7 40. Qf6 a4
41. Ng5 a3 42. Qxf7+ Kc8 43. Qf8+ Kb7 44. Qxa3 Qf1+ 45. Kh2 Qxf2 46. Qe7+ Ka8
47. Qe8+ Ka7 48. Qd7+ Ka8 49. Qc6+ Ka7 50. Qc7+ Ka8 51. Nf3 Bf1 52. Qc6+ Ka7 53.
Qd7+ Ka8 54. Qe8+ Ka7 55. Qf7+ Ka8 56. Qf8+ Ka7 57. Qa3+ Kb8 58. Qb4+ Ka8 59.
Qa5+ Kb7 60. Qb5+ Bxb5 0-1

[Event "FIDE World Bl Team Pool B"]
[Site "London ENG"]
[Date "2025.06.14"]
[Round "3.4"]
[White "Longson, Sarah N"]
[Black "Rushbrooke, Remy"]
[Result "1-0"]
[WhiteTitle "WFM"]
[WhiteElo "1941"]
[BlackElo "2090"]
[WhiteTeam "UK Chess Challenge Masters"]
[BlackTeam "Oxbridge"]
[WhiteFideId "2501465"]
[BlackFideId "443590"]
[EventDate "2025.06.14"]
[EventType "team"]

1. e4 g6 2. d4 Bg7 3. Nc3 d6 4. Be3 a6 5. h4 h6 6. Qd2 b5 7. O-O-O Bb7 8. f3 Nd7
9. Nh3 Ngf6 10. Nf4 Nb6 11. e5 dxe5 12. dxe5 Qxd2+ 13. Rxd2 Nfd7 14. Nfd5 Nxd5
15. Nxd5 Bxd5 16. Rxd5 e6 17. Rd2 Bxe5 18. Bd3 c5 19. Be4 O-O-O 20. Rhd1 Kc7 21.
f4 Bf6 22. Rd6 Nb6 23. Bxc5 Nc4 24. Rc6+ Kb8 25. Bd6+ Nxd6 26. Rdxd6 Rxd6 27.
Rxd6 Bxh4 28. Rxa6 Bg3 29. Ra8+ Kc7 30. Rxh8 1-0

[Event "FIDE World Bl Team Pool B"]
[Site "London ENG"]
[Date "2025.06.14"]
[Round "3.5"]
[White "Hng, Mei-Xian Eunice"]
[Black "Vaidyanathan, Adithya"]
[Result "0-1"]
[WhiteTitle "WFM"]
[WhiteElo "2066"]
[BlackElo "2111"]
[WhiteTeam "Oxbridge"]
[BlackTeam "UK Chess Challenge Masters"]
[WhiteFideId "5806585"]
[BlackFideId "495450"]
[EventDate "2025.06.14"]
[EventType "team"]

1. e3 c5 2. c4 g6 3. Qc2 Nf6 4. b3 Bg7 5. Bb2 O-O 6. d3 Nc6 7. a3 e5 8. Nd2 d5
9. Ngf3 d4 10. e4 Nh5 11. g3 f5 12. Bg2 f4 13. O-O g5 14. gxf4 Nxf4 15. Kh1 Qf6
16. Qd1 Nxd3 17. Bc1 Nf4 18. Rg1 g4 19. Ne1 Qg6 20. Bf3 Nh3 21. Rg2 gxf3 22.
Rxg6 Nxf2+ 23. Kg1 Nxd1 24. Rxg7+ Kxg7 25. Ndxf3 Nc3 26. Kg2 Nxe4 27. Nd3 Re8
28. Bb2 Bg4 29. Nh4 Nf6 30. Re1 e4 31. Nxc5 d3 32. Nxe4 Ne5 33. Nxf6 d2 34. Rxe5
Rxe5 35. Nxg4 d1=Q 36. Bxe5+ Kf7 37. Kh3 Re8 38. Bg3 Qf1+ 39. Ng2 h5 40. Nh6+
Kg6 41. Kh4 0-1

[Event "FIDE World Bl Team Pool B"]
[Site "London ENG"]
[Date "2025.06.14"]
[Round "3.6"]
[White "Veselow, Zoe"]
[Black "Nayberg, Simona"]
[Result "0-1"]
[WhiteElo "1761"]
[BlackElo "1819"]
[WhiteTeam "UK Chess Challenge Masters"]
[BlackTeam "Oxbridge"]
[WhiteFideId "497657"]
[BlackFideId "2075180"]
[EventDate "2025.06.14"]
[EventType "team"]

1. e4 Nf6 2. e5 Nd5 3. c4 Nb6 4. d4 d6 5. Nf3 dxe5 6. Nxe5 c6 7. Nc3 Na6 8. Be3
Bf5 9. a3 e6 10. Bd3 Bxd3 11. Qxd3 Be7 12. b4 Bf6 13. Nf3 c5 14. bxc5 Nxc5 15.
Qd1 Nxc4 16. O-O Nxe3 17. fxe3 O-O 18. Rc1 Nd7 19. e4 e5 20. d5 Rc8 21. Qd2 h6
22. Nb5 Qb6+ 23. Kh1 Qxb5 24. Rb1 Qa6 25. Rfc1 Qxa3 26. Rxc8 Rxc8 27. Rxb7 Rc1+
28. Ng1 Qa1 29. Qf2 Qa4 30. Rxa7 Qb5 31. h3 Be7 32. Ra8+ Bf8 33. Qe3 Rb1 34. Ra7
g6 35. Qf2 Kg7 36. Kh2 Bc5 37. Qa2 Bxg1+ 38. Kg3 Bxa7 39. Qxa7 Rb3+ 40. Kh2 Nf6
41. d6 Rd3 42. Qe7 Qd7 43. Qxe5 Qxd6 44. Qxd6 Rxd6 45. e5 Rd3 46. exf6+ Kxf6 47.
g4 Ke5 48. Kg2 Kf4 49. Kf2 Rxh3 50. Kg2 Kxg4 51. Kg1 Ra3 52. Kg2 Ra2+ 53. Kf1
Kf3 54. Ke1 h5 55. Kd1 h4 56. Kc1 h3 57. Kb1 Rg2 58. Kc1 h2 59. Kd1 h1=Q# 0-1

[Event "FIDE World Bl Team Pool B"]
[Site "London ENG"]
[Date "2025.06.14"]
[Round "3.1"]
[White "Bansal, Rohan"]
[Black "Harvey, Marcus R"]
[Result "0-1"]
[BlackTitle "IM"]
[WhiteElo "2005"]
[BlackElo "2445"]
[WhiteTeam "Desert Penguins"]
[BlackTeam "Wood Green"]
[WhiteFideId "425052"]
[BlackFideId "400092"]
[EventDate "2025.06.14"]
[EventType "team"]

1. d4 Nf6 2. Nf3 b6 3. e3 Bb7 4. Bd3 c5 5. b3 cxd4 6. exd4 g6 7. Bb2 Bg7 8. O-O
O-O 9. Nbd2 Nc6 10. a3 d5 11. Re1 e6 12. Qe2 Qc7 13. Rac1 Rac8 14. h3 Qb8 15.
Ne5 Nxe5 16. dxe5 Nd7 17. c4 Nc5 18. Bc2 Rfd8 19. Rcd1 a5 20. f4 d4 21. Bb1 Rc7
22. Qf2 Rcd7 23. g4 Ba8 24. b4 axb4 25. axb4 Na4 26. Ne4 Nxb2 27. Qxb2 d3 28.
Qg2 Qb7 29. Rd2 Rd4 30. Nf6+ Bxf6 31. Qxb7 Bxb7 32. exf6 Rxc4 33. f5 Re4 34.
Red1 exf5 35. Bxd3 Red4 36. gxf5 Be4 37. fxg6 hxg6 38. Rc1 Rxd3 39. Re2 Rd1+ 40.
Rxd1 Rxd1+ 41. Kf2 Bd5 42. Re8+ Kh7 43. Rb8 Be6 44. h4 Rd4 45. Rxb6 Rxh4 46. b5
Rb4 47. Ke3 Bc4 48. Kd4 Rxb5 49. Rc6 Be6 50. Rc7 Rf5 0-1

[Event "FIDE World Bl Team Pool B"]
[Site "London ENG"]
[Date "2025.06.14"]
[Round "3.2"]
[White "Willow, Jonah B"]
[Black "Bharat Kumar, Balahari"]
[Result "1-0"]
[WhiteTitle "IM"]
[WhiteElo "2470"]
[BlackElo "2052"]
[WhiteTeam "Wood Green"]
[BlackTeam "Desert Penguins"]
[WhiteFideId "438804"]
[BlackFideId "496464"]
[EventDate "2025.06.14"]
[EventType "team"]

1. e4 c5 2. Nf3 d6 3. d4 cxd4 4. Nxd4 Nf6 5. Nc3 a6 6. Bd3 e6 7. f4 Qc7 8. O-O
Be7 9. Kh1 O-O 10. Qe2 Nbd7 11. Be3 b5 12. a3 Bb7 13. Rae1 Rac8 14. Bf2 Nb6 15.
Bh4 Rfe8 16. e5 Nfd5 17. Nxd5 Nxd5 18. Bxe7 Rxe7 19. Rf3 g6 20. Ref1 dxe5 21.
fxe5 Rf8 22. Rh3 Qc5 23. c3 Nb6 24. Qf2 Qc7 25. Qh4 h5 26. Rg3 Qxe5 27. Qxe7 1-0

[Event "FIDE World Bl Team Pool B"]
[Site "London ENG"]
[Date "2025.06.14"]
[Round "3.3"]
[White "Bansal, Saahil"]
[Black "Czopor, Maciej"]
[Result "0-1"]
[BlackTitle "IM"]
[WhiteElo "1979"]
[BlackElo "2423"]
[WhiteTeam "Desert Penguins"]
[BlackTeam "Wood Green"]
[WhiteFideId "438316"]
[BlackFideId "21805431"]
[EventDate "2025.06.14"]
[EventType "team"]

1. d4 Nf6 2. c4 e6 3. Nf3 d5 4. Nc3 Nbd7 5. cxd5 exd5 6. Bg5 c6 7. Qc2 h6 8. Bh4
g5 9. Bg3 Nh5 10. e3 Nxg3 11. hxg3 Bg7 12. Bd3 Nb6 13. O-O Be6 14. Rfe1 h5 15.
Rad1 h4 16. gxh4 g4 17. Ng5 Rxh4 18. Nxe6 fxe6 19. Bg6+ Kd7 20. e4 Qh8 21. Kf1
Rf8 22. exd5 cxd5 23. Nb5 Nc4 24. Qa4 Rh1+ 25. Ke2 Qh4 26. Rxh1 Qxf2+ 27. Kd3
Nxb2+ 28. Kc3 Nxa4+ 29. Kb4 Nb6 30. Rb1 Qd2+ 31. Nc3 Bxd4 32. Rb3 Rc8 33. Rh7+
Kd6 0-1

[Event "FIDE World Bl Team Pool B"]
[Site "London ENG"]
[Date "2025.06.14"]
[Round "3.4"]
[White "Wadsworth, Matthew J"]
[Black "Sedykh, Stakhey"]
[Result "1-0"]
[WhiteTitle "IM"]
[WhiteElo "2481"]
[BlackElo "1756"]
[WhiteTeam "Wood Green"]
[BlackTeam "Desert Penguins"]
[WhiteFideId "415804"]
[BlackFideId "453064"]
[EventDate "2025.06.14"]
[EventType "team"]

1. Nf3 d5 2. g3 Nf6 3. Bg2 c6 4. c4 e6 5. O-O Bd6 6. b3 Bd7 7. Bb2 Qe7 8. d4
dxc4 9. bxc4 c5 10. Nc3 Nc6 11. Nb5 O-O 12. Nxd6 Qxd6 13. Ba3 b6 14. dxc5 Qxd1
15. Rfxd1 bxc5 16. Bxc5 Rfc8 17. Nd4 Rab8 18. Nxc6 Bxc6 19. Bxa7 Ra8 20. Bxc6
Rxc6 21. c5 Kf8 22. Bb6 Ne4 23. Rdc1 Ke7 24. a4 Rac8 25. a5 Nxc5 26. Bxc5+ Rxc5
27. Rxc5 Rxc5 28. a6 Rc8 29. Rb1 Ra8 30. Rb7+ Kf6 31. a7 Kg6 32. e4 Kf6 33. f4
Kg6 34. Kf2 Kf6 35. e5+ Kg6 36. Ke3 f6 37. Kd4 f5 38. Kc5 h5 39. h4 Kh6 40. Kb6
Kg6 41. Rb8 1-0

[Event "FIDE World Bl Team Pool B"]
[Site "London ENG"]
[Date "2025.06.14"]
[Round "3.5"]
[White "Ding, Yicheng"]
[Black "Orlovska, Madara"]
[Result "0-1"]
[WhiteElo "1793"]
[BlackElo "2059"]
[WhiteTeam "Desert Penguins"]
[BlackTeam "Wood Green"]
[WhiteFideId "483087"]
[BlackFideId "11601825"]
[EventDate "2025.06.14"]
[EventType "team"]

1. d4 Nf6 2. c4 g6 3. Nc3 Bg7 4. e4 d6 5. h3 O-O 6. Be3 Nbd7 7. Bd3 e5 8. d5 b6
9. Nge2 Nc5 10. Bc2 a5 11. Qd2 Ne8 12. g4 Bd7 13. Ng3 c6 14. a4 cxd5 15. cxd5
Nc7 16. f3 b5 17. axb5 Nxb5 18. Nxb5 Bxb5 19. Bxc5 dxc5 20. Ba4 Rb8 21. Bxb5
Rxb5 22. O-O Qh4 23. Kg2 Rfb8 24. Rfb1 Bh6 25. Qc3 Bf4 26. Ne2 Rb3 27. Qxc5 Rxb2
28. Rxb2 Rxb2 29. Qf2 Qd8 30. Kg1 Qc7 31. Qf1 Be3+ 32. Kh1 Qc2 33. Re1 Bd2 34.
Rd1 Bb4 35. Rc1 Qxe2 36. Rc8+ Kg7 37. Qxe2 Rxe2 38. Kg1 Rd2 39. Kf1 Be7 40. Ra8
Bb4 41. Kg1 Rd3 0-1

[Event "FIDE World Bl Team Pool B"]
[Site "London ENG"]
[Date "2025.06.14"]
[Round "3.6"]
[White "Barwick, Carmel"]
[Black "Ding, Yihua"]
[Result "1-0"]
[WhiteElo "1915"]
[BlackElo "1536"]
[WhiteTeam "Wood Green"]
[BlackTeam "Desert Penguins"]
[WhiteFideId "442925"]
[BlackFideId "495999"]
[EventDate "2025.06.14"]
[EventType "team"]

1. e4 c5 2. Nf3 d6 3. c3 Nf6 4. Be2 Nxe4 5. Qa4+ Nc6 6. Qxe4 e6 7. O-O Be7 8. d4
cxd4 9. cxd4 O-O 10. Nc3 h6 11. a3 Bd7 12. d5 exd5 13. Nxd5 Re8 14. Nxe7+ Rxe7
15. Qd3 Re8 16. Be3 Qc8 17. Rac1 Qc7 18. Nd4 Rac8 19. Nxc6 Bxc6 20. Bg4 Rb8 21.
Bf3 Qd7 22. Bxc6 bxc6 23. b4 Rbd8 24. h3 Qb7 25. Rfd1 d5 26. Bc5 Rc8 27. Qd4
Rcd8 28. a4 Ra8 29. Rb1 Qc7 30. b5 cxb5 31. axb5 Rad8 32. Bxa7 Qd6 33. Qc5 Qxc5
34. Bxc5 Rc8 35. Be3 Red8 36. b6 Rb8 37. b7 Rd7 38. Bf4 Rbxb7 39. Rxb7 Rxb7 40.
Rxd5 Re7 1-0

[Event "FIDE World Bl Team Pool B"]
[Site "London ENG"]
[Date "2025.06.14"]
[Round "3.1"]
[White "Aronian, Levon"]
[Black "Ghasi, Ameet K"]
[Result "1-0"]
[WhiteTitle "GM"]
[BlackTitle "GM"]
[WhiteElo "2742"]
[BlackElo "2513"]
[WhiteTeam "Hexamind Chess Team"]
[BlackTeam "Sharks 4NCL"]
[WhiteFideId "13300474"]
[BlackFideId "409200"]
[EventDate "2025.06.14"]
[EventType "team"]

1. Nf3 Nf6 2. c4 g6 3. Nc3 Bg7 4. e4 d6 5. d4 O-O 6. h3 Na6 7. Bg5 Qe8 8. g4 e5
9. d5 Nc5 10. Nd2 a5 11. Be2 Bd7 12. h4 c6 13. h5 cxd5 14. h6 Bh8 15. exd5 e4
16. Kf1 Qe5 17. Be3 Nd3 18. Rb1 Nf4 19. Rg1 Rae8 20. g5 Bh3+ 21. Ke1 Nd7 22.
Ndxe4 Ng2+ 23. Kd2 Nxe3 24. fxe3 Bf5 25. Bd3 Nc5 26. Nxc5 Qxe3+ 27. Kc2 Qxc5 28.
Bxf5 Qf2+ 29. Kb3 Qxf5 30. Nb5 Qf4 31. Rg4 Re3+ 32. Ka4 Qe5 33. b3 Re2 34. a3
Re3 35. Qd4 Qe7 36. Qb6 Rd8 37. Rf4 Be5 38. Qxe3 Qxg5 39. Rf3 Qg4 40. Rbf1 f5
41. Qb6 Rc8 42. Qxb7 Rxc4+ 43. bxc4 Qxc4+ 44. Kxa5 Qc5 45. a4 Bd4 46. Qc6 1-0

[Event "FIDE World Bl Team Pool B"]
[Site "London ENG"]
[Date "2025.06.14"]
[Round "3.2"]
[White "Rendle, Thomas E"]
[Black "Murzin, Volodar"]
[Result "0-1"]
[WhiteTitle "IM"]
[BlackTitle "GM"]
[WhiteElo "2370"]
[BlackElo "2666"]
[WhiteTeam "Sharks 4NCL"]
[BlackTeam "Hexamind Chess Team"]
[WhiteFideId "408760"]
[BlackFideId "44155573"]
[EventDate "2025.06.14"]
[EventType "team"]

1. d4 d5 2. c4 c6 3. cxd5 cxd5 4. Bf4 e6 5. Nc3 Bd6 6. Bxd6 Qxd6 7. e3 Ne7 8.
Rc1 Bd7 9. Bd3 O-O 10. Nf3 f6 11. Qb3 Nbc6 12. O-O Qb8 13. Qa3 Be8 14. Rfe1 Bh5
15. Nd2 Rd8 16. Qb3 Bg6 17. Bxg6 hxg6 18. a3 g5 19. Na4 b6 20. Qd3 Qd6 21. b4
Kf7 22. b5 Na5 23. e4 Ng6 24. g3 Rac8 25. exd5 Qxd5 26. Rxc8 Rxc8 27. Nc3 Qf5
28. Nde4 Kg8 29. Qe2 Rd8 30. Rd1 Ne7 31. a4 g4 32. Qa2 Nd5 33. Nxd5 exd5 34. Nc3
Qf3 35. Qd2 Nc4 36. Qd3 Qxd3 37. Rxd3 Kf7 38. f3 gxf3 39. Rxf3 Ke6 40. Rf2 Rc8
41. Re2+ Kd6 42. Kf2 Na5 43. Re3 Rc4 44. Ne2 Rc2 45. Kf3 Nc4 46. Re8 Nd2+ 47.
Kg4 Nf1 48. h4 Kd7 49. Ra8 0-1

[Event "FIDE World Bl Team Pool B"]
[Site "London ENG"]
[Date "2025.06.14"]
[Round "3.3"]
[White "Giri, Anish"]
[Black "Roberson, Peter T"]
[Result "1-0"]
[WhiteTitle "GM"]
[BlackTitle "IM"]
[WhiteElo "2748"]
[BlackElo "2433"]
[WhiteTeam "Hexamind Chess Team"]
[BlackTeam "Sharks 4NCL"]
[WhiteFideId "24116068"]
[BlackFideId "412384"]
[EventDate "2025.06.14"]
[EventType "team"]

1. e4 e6 2. d4 d5 3. e5 c5 4. c3 Nc6 5. Nf3 Bd7 6. Be2 Nge7 7. O-O Nf5 8. dxc5
a5 9. Na3 Bxc5 10. Nb5 O-O 11. Bd3 Nh4 12. Bxh7+ Kh8 13. Ng5 g6 14. Qg4 Nf5 15.
Bxg6 Kg7 16. Bxf5 1-0

[Event "FIDE World Bl Team Pool B"]
[Site "London ENG"]
[Date "2025.06.14"]
[Round "3.4"]
[White "Purton, Ben J"]
[Black "Dominguez Perez, Leinier"]
[Result "0-1"]
[WhiteTitle "FM"]
[BlackTitle "GM"]
[WhiteElo "2173"]
[BlackElo "2738"]
[WhiteTeam "Sharks 4NCL"]
[BlackTeam "Hexamind Chess Team"]
[WhiteFideId "411132"]
[BlackFideId "3503240"]
[EventDate "2025.06.14"]
[EventType "team"]

1. e4 c5 2. Nf3 d6 3. Bb5+ Nd7 4. O-O a6 5. Bxd7+ Bxd7 6. d4 cxd4 7. Nxd4 Nf6 8.
Re1 g6 9. Nc3 Bg7 10. Bg5 h6 11. Bh4 O-O 12. Kh1 Re8 13. h3 Qb6 14. Qd2 Rac8 15.
Nf3 Qxb2 16. e5 Qxc3 17. exf6 Qxd2 18. Nxd2 exf6 19. Ne4 Rxe4 20. Rxe4 f5 21.
Re7 Bxa1 22. Rxd7 g5 23. Bg3 f4 24. Bh2 Rxc2 25. g3 f3 26. Rxd6 Rxf2 27. g4 Rf1+
28. Bg1 f2 0-1

[Event "FIDE World Bl Team Pool B"]
[Site "London ENG"]
[Date "2025.06.14"]
[Round "3.5"]
[White "Divya, Deshmukh"]
[Black "Hryshchenko, Kamila"]
[Result "0-1"]
[WhiteTitle "IM"]
[BlackTitle "WFM"]
[WhiteElo "2463"]
[BlackElo "2097"]
[WhiteTeam "Hexamind Chess Team"]
[BlackTeam "Sharks 4NCL"]
[WhiteFideId "35006916"]
[BlackFideId "14147491"]
[EventDate "2025.06.14"]
[EventType "team"]

1. e4 b6 2. d4 Bb7 3. Bd3 e6 4. Ne2 d5 5. e5 c5 6. c3 Nc6 7. O-O Qc7 8. Nd2 Nge7
9. b3 cxd4 10. cxd4 Nb4 11. Bb1 Ba6 12. Nf3 Rc8 13. a3 Nbc6 14. Be3 Na5 15. Ra2
Qd7 16. Bd3 Bxd3 17. Qxd3 Nf5 18. Bd2 Nc6 19. Rc1 Be7 20. b4 O-O 21. Rac2 a5 22.
g4 Nh4 23. Nxh4 Bxh4 24. g5 f6 25. b5 Ne7 26. Rxc8 Rxc8 27. gxf6 gxf6 28. Nf4
Nf5 29. Kh1 Rxc1+ 30. Bxc1 fxe5 31. dxe5 Qc7 32. Bb2 d4 33. Nxe6 Qxe5 34. Qc4
Qe1+ 35. Kg2 Qxf2+ 36. Kh1 Qf3+ 37. Kg1 Bf2+ 38. Kf1 Ne3# 0-1

[Event "FIDE World Bl Team Pool B"]
[Site "London ENG"]
[Date "2025.06.14"]
[Round "3.1"]
[White "Rodshtein, Maxim"]
[Black "Martinez Alcantara, Jose Eduardo"]
[Result "0-1"]
[WhiteTitle "GM"]
[BlackTitle "GM"]
[WhiteElo "2645"]
[BlackElo "2611"]
[WhiteTeam "Rishon LeZion Chess Club"]
[BlackTeam "Theme International Trading"]
[WhiteFideId "2806851"]
[BlackFideId "3805662"]
[EventDate "2025.06.14"]
[EventType "team"]

1. Nf3 d6 2. d4 Nf6 3. c4 g6 4. g3 Bg7 5. Bg2 O-O 6. Nc3 c6 7. O-O Bf5 8. Ne1
Be6 9. b3 d5 10. cxd5 Nxd5 11. Bb2 Na6 12. Nxd5 Bxd5 13. e4 Be6 14. Qd2 Qd7 15.
Rd1 Rad8 16. Qe2 Bh3 17. Bxh3 Qxh3 18. Ng2 Qc8 19. h4 Nc7 20. Rfe1 Rd7 21. Nf4
Rfd8 22. e5 e6 23. a4 Nd5 24. Nd3 b6 25. h5 Ne7 26. Nf4 Nf5 27. Qe4 g5 28. Nh3
h6 29. g4 Ne7 30. f4 gxf4 31. Nxf4 c5 32. Ne2 Qc6 33. Qf4 Nd5 34. Qf3 Nb4 35.
Qf4 c4 36. bxc4 0-1